000 00562nam a22001937a 4500
005 20221028140659.0
008 221028b ||||| |||| 00| 0 eng d
040 _aIN-DiNC
_cIN-DiNC
041 _dasm
082 _a891.4513
_bGOS
100 _aGoswami, Monoj Kumar
_eauthor
245 _aMonoj Kumar Goswamir nirbachita galpa/
_cselected by Arindam Borkataki
250 _a1st ed.
260 _aGuwahati:
_bPublication Board Assam,
_c2013.
300 _a167p.
650 _aAssamese short stories
700 _aBorkataki, Arindam
_eEditor
942 _2ddc
_cBK
999 _c11435
_d11435